LEADER 00418naa a2200133 i 4500 001 000000297584 003 CaOOAMICUS 005 20180831172607.0 008 180831n xx u000 u und u 013 $a5146 040 $aSeMil$bita 245 10$aTitolo mancante. 773 0 $tCristianesimo e marxismo.$d[Milano] : Arnoldo Mondadori Editore, 1969.$kDocumentinuovi$w()60015 996 $6245$aTitolo mancante$9(OLS)http://semarc/title/46445 LEADER 00369nab a2200133 i 4500 001 000000311680 003 CaOOAMICUS 005 20180831173037.0 008 180831n xx uu u0 0und r 013 $a20768 040 $aSeMil$bita 245 10$aStampa modernistica. 773 0 $t[Gennaio-Giugno].$g243-244$w()274182 996 $6245$aStampa modernistica$9(OLS)http://semarc/title/386242